Oeuvres de Saint Augustin
Enregistré dans:
| Auteur principal: | |
|---|---|
| Format: | Livre |
| Langue: | français |
| Publié: |
París
Desclée de Brouwer
1959
|
| Édition: | 4a. ed |
| Collection: | Bibliothèque Augustinienne
|
| Sujets: | |
| Tags: |
Ajouter un tag
Pas de tags, Soyez le premier à ajouter un tag!
|
MARC
| LEADER | 00000nam a2200000 a 4500 | ||
|---|---|---|---|
| 001 | UCZ2976 | ||
| 003 | CL-VaPUC | ||
| 008 | 951013e19590000FR |||||||||||||||||fre|d | ||
| 082 | 0 | 4 | |a 189.2 |b AGU |2 21 |
| 100 | |a San Agustín de Hipona |x Teólogo y filósofo cristiano |9 311590 | ||
| 245 | 1 | 0 | |a Oeuvres de Saint Augustin |
| 250 | |a 4a. ed | ||
| 300 | |a v | ||
| 942 | |c BK | ||
| 945 | |d 19951013 00:00:00 |a cmena | ||
| 260 | |a París |b Desclée de Brouwer |c 1959 | ||
| 500 | |a v.33: La cité de Dieu. Livres I-IV: impuissance sociale du paganisme | ||
| 500 | |a v.34: Livres VI-X: impuissance spirituelle du paganisme | ||
| 500 | |a v.35: Livres XI-XIV: formation des deux cités | ||
| 500 | |a v.36: Livres XV-XVIII: luttes des deux cités | ||
| 500 | |a v.37: Livres XIX-XXII: triomphe de la cité céleste | ||
| 600 | 0 | |a Dios |9 314467 | |
| 650 | 0 | |a Escolasticismo |9 264998 | |
| 650 | 0 | |a Teología |9 258766 | |
| 650 | 7 | |a DOCTRINAS RELIGIOSAS |2 CL-VaPUC |9 337177 | |
| 583 | |a last modification |c 19951013 00:00:00 |k Rodrigo Vera | ||
| 490 | 0 | |a Bibliothèque Augustinienne | |
| 999 | |c 239507 |d 239505 | ||
| 952 | |0 0 |1 0 |4 0 |6 189_200000000000000_AGU_1959 |7 0 |8 P |9 250699 |a BIBEDU |b BIBEDU |d 2019-11-18 |h v.35 |i 1570722 |o 189.2 AGU 1959 |p 1570722 |r 2025-01-22 |w 2019-11-18 |y BK |k FIL | ||
| 952 | |0 0 |1 0 |4 0 |6 189_200000000000000_AGU_1959 |7 0 |8 P |9 250700 |a BIBEDU |b BIBEDU |d 2019-11-18 |h v.33 |i 1570714 |o 189.2 AGU 1959 |p 1570714 |r 2025-01-22 |w 2019-11-18 |y BK |k FIL | ||
| 952 | |0 0 |1 0 |4 0 |6 189_200000000000000_AGU_1959 |7 0 |8 P |9 250701 |a BIBEDU |b BIBEDU |d 2019-11-18 |h v.34 |i 1570730 |o 189.2 AGU 1959 |p 1570730 |r 2025-01-22 |w 2019-11-18 |y BK |k FIL | ||
| 952 | |0 0 |1 0 |4 0 |6 189_200000000000000_AGU_1959 |7 0 |8 P |9 250702 |a BIBEDU |b BIBEDU |d 2019-11-18 |h v.36 |i 1570749 |o 189.2 AGU 1959 |p 1570749 |r 2025-01-22 |w 2019-11-18 |y BK |k FIL | ||
| 952 | |0 0 |1 0 |4 0 |6 189_200000000000000_AGU_1959 |7 0 |8 P |9 250703 |a BIBEDU |b BIBEDU |d 2019-11-18 |h v.37 |i 1570757 |o 189.2 AGU 1959 |p 1570757 |r 2025-01-22 |w 2019-11-18 |y BK |k FIL | ||